[Event "AUT-ch U08 Online Rapid"]
[Site "Playchess.com INT"]
[Date "2020.12.13"]
[Round "2"]
[White "Depaoli Hauser, Jeremia Noe"]
[Black "Rashev, Dimitar"]
[Result "1-0"]
[WhiteElo "1352"]
[BlackElo "1256"]
[PlyCount "143"]
[EventDate "2020.12.13"]
[EventType "swiss (rapid)"]
[EventRounds "7"]
[EventCountry "AUT"]
[SourceTitle "EXT 2022"]
[Source "ChessBase"]
[SourceDate "2021.10.06"]
[SourceVersion "1"]
[SourceVersionDate "2021.10.06"]
[SourceQuality "1"]

1. e4 e5 2. Nf3 Nc6 3. Nc3 Nf6 4. Bb5 Bb4 5. 0-0 0-0 6. d3 d6 7. Bg5 Bg4 8. Nd5 Qe8 9. Bxc6 Qb8 10. Ba4 Nxd5 11. exd5 h6 12. Be3 g6 13. Bxh6 Rc8 14. Be3 Kh7 15. Ng5+ Kg7 16. Nf3 a6 17. c3 b5 18. Bc2 Ba5 19. b4 Bb6 20. d4 exd4 21. Bxd4+ Bxd4 22. cxd4 Rd8 23. h3 Bh5 24. g4 Bxg4 25. hxg4 Qc8 26. Nh4 Rh8 27. Ng2 Rh3 28. f3 Qe8 29. Kf2 Rd8 30. Rh1 Rxh1 31. Qxh1 Qe7 32. Qh2 Re8 33. Rh1 Kf6 34. Qh4+ Kg7 35. Qh7+ Kf6 36. Qh4+ Kg7 37. Qxe7 Rxe7 38. Re1 Rd7 39. Nf4 Kf8 40. Nh3 Re7 41. Rxe7 Kxe7 42. f4 f5 43. gxf5 gxf5 44. Ng5 Kf6 45. Nh7+ Kg7 46. Ng5 Kg6 47. a4 bxa4 48. Bxa4 Kf6 49. Ke3 Ke7 50. Kd3 Kf6 51. Kc4 Ke7 52. b5 Kd8 53. bxa6 Kc8 54. Kb5 Kb8 55. Kc6 Ka8 56. Kb5 Ka7 57. Ka5 Ka8 58. Bc6+ Ka7 59. Nf7 Kb8 60. Nh6 Ka7 61. Nxf5 Kb8 62. Nh6 Ka7 63. Bb5 Ka8 64. f5 c5 65. dxc5 Kb8 66. cxd6 Kc8 67. a7 Kb7 68. d7 Kxa7 69. d8Q Kb7 70. Qd7+ Kb8 71. Kb6 Ka8 72. Qb7# 1-0

[Event "AUT-ch U08 Online Rapid"]
[Site "Playchess.com INT"]
[Date "2020.12.13"]
[Round "3"]
[White "Roessler, Lukas1"]
[Black "Depaoli Hauser, Jeremia Noe"]
[Result "1-0"]
[WhiteElo "1450"]
[BlackElo "1380"]
[PlyCount "67"]
[EventDate "2020.12.13"]
[EventType "swiss (rapid)"]
[EventRounds "7"]
[EventCountry "AUT"]
[SourceTitle "EXT 2022"]
[Source "ChessBase"]
[SourceDate "2021.10.06"]
[SourceVersion "1"]
[SourceVersionDate "2021.10.06"]
[SourceQuality "1"]

1. e4 e5 2. Nf3 Nc6 3. Bc4 Nf6 4. d3 Bc5 5. Bg5 d6 6. h3 0-0 7. Nc3 Qe7 8. Nd5 Qd8 9. Bxf6 gxf6 10. 0-0 Kh8 11. Nh4 Rg8 12. Kh1 Be6 13. Ne3 Bxc4 14. Nxc4 Nd4 15. c3 Ne6 16. Qh5 Ng5 17. b4 Bb6 18. a4 c5 19. a5 Bc7 20. bxc5 dxc5 21. Ne3 Bxa5 22. Nd5 b6 23. c4 Kg7 24. Nf5+ Kh8 25. Nh6 Rg6 26. h4 Ne6 27. Nxf7+ Kg7 28. Nxd8 Rxd8 29. Ne7 Rh6 30. Nf5+ Kh8 31. Nxh6 Nf4 32. Qf3 Rxd3 33. Qg4 Rd8 34. Nf7# 1-0

[Event "AUT-chT District U18 Online Rapid"]
[Site "Playchess.com INT"]
[Date "2020.12.12"]
[Round "2"]
[White "Depaoli Hauser, Jeremia Noe"]
[Black "Reisenhofer, Jonathan"]
[Result "0-1"]
[WhiteElo "1226"]
[BlackElo "1722"]
[PlyCount "44"]
[EventDate "2020.12.12"]
[EventType "team-swiss (rapid)"]
[EventRounds "9"]
[EventCountry "AUT"]
[SourceTitle "EXT 2022"]
[Source "ChessBase"]
[SourceDate "2021.10.06"]
[SourceVersion "1"]
[SourceVersionDate "2021.10.06"]
[SourceQuality "1"]

1. e4 e5 2. Nf3 Nc6 3. Nc3 Nf6 4. Bb5 a6 5. Bc4 Bc5 6. d3 d6 7. 0-0 Bg4 8. Bg5 Nd4 9. Nd5 Nxf3+ 10. gxf3 Bh3 11. Re1 h6 12. Bh4 g5 13. Bg3 Nxd5 14. exd5 Qf6 15. Re4 0-0-0 16. a3 h5 17. b4 Bd4 18. c3 Bxc3 19. Rc1 Bd4 20. Re2 Qxf3 21. Qf1 Bxf1 22. Kxf1 Qh1# 0-1

[Event "AUT-chT District U18 Online Rapid"]
[Site "Playchess.com INT"]
[Date "2020.12.12"]
[Round "9"]
[White "Depaoli Hauser, Jeremia Noe"]
[Black "Schwarz, Timo"]
[Result "1-0"]
[WhiteElo "1312"]
[BlackElo "1614"]
[PlyCount "171"]
[EventDate "2020.12.12"]
[EventType "team-swiss (rapid)"]
[EventRounds "9"]
[EventCountry "AUT"]
[SourceTitle "EXT 2022"]
[Source "ChessBase"]
[SourceDate "2021.10.06"]
[SourceVersion "1"]
[SourceVersionDate "2021.10.06"]
[SourceQuality "1"]

1. e4 e5 2. Nf3 Nc6 3. Nc3 Nf6 4. Bb5 Bb4 5. 0-0 Bxc3 6. bxc3 Ne7 7. d4 a6 8. Bc4 d6 9. dxe5 dxe5 10. Qxd8+ Kxd8 11. Nxe5 Ke8 12. Bd3 Be6 13. Bg5 h6 14. Bxf6 gxf6 15. Nf3 Rg8 16. Kh1 c6 17. Rab1 Bg4 18. Rxb7 Bxf3 19. gxf3 Ng6 20. Rb6 Kd7 21. Rg1 Kc7 22. Rb4 Ne5 23. Rxg8 Rxg8 24. Rb1 Nd7 25. Rg1 Rxg1+ 26. Kxg1 Ne5 27. Kg2 Kd6 28. Bxa6 Kc5 29. f4 Ng6 30. Kf3 Kd6 31. a4 Kc5 32. a5 Kd6 33. Bb7 Kc7 34. a6 Kb8 35. Bxc6 Ka7 36. Bb5 Kb6 37. c4 Nh4+ 38. Kg3 Ng6 39. h4 h5 40. f5 Ne7 41. Kf3 Ng8 42. Ke3 Ne7 43. Kd4 Ka7 44. c5 Ka8 45. c6 Ka7 46. Kc5 Nc8 47. Kd5 Ne7+ 48. Kd6 Nc8+ 49. Kc7 Nb6 50. Kd8 Na8 51. c7 Nb6 52. c8Q Nxc8 53. Kxc8 Kb6 54. Kb8 Kxb5 55. a7 Kb6 56. a8Q Kc5 57. Qa6 Kd4 58. Qa5 Kxe4 59. Kc7 Kf4 60. Kd6 Kg4 61. Ke7 Kxh4 62. Kxf7 Kg5 63. c4 h4 64. Qa1 Kxf5 65. Qh1 Ke5 66. Qxh4 Kf5 67. Qxf6+ Ke4 68. Qg5 Kf3 69. Ke6 Ke2 70. Qg3 Kf1 71. Qc3 Kg2 72. f4 Kf2 73. Ke5 Ke2 74. Ke4 Kf2 75. Qf3+ Ke1 76. Kd4 Kd2 77. Qd3+ Kc1 78. Ke3 Kb2 79. Ke2 Kc1 80. Ke1 Kb2 81. c5 Kc1 82. c6 Kb2 83. c7 Kc1 84. c8Q+ Kb2 85. Qcc2+ Ka1 86. Qdd1# 1-0

[Event "AUT-ch U08 Online Blitz"]
[Site "Playchess.com INT"]
[Date "2020.12.11"]
[Round "5"]
[White "Depaoli Hauser, Jeremia Noe"]
[Black "Hegedues Moederndorfer, Theodor"]
[Result "0-1"]
[WhiteElo "1620"]
[BlackElo "1409"]
[PlyCount "74"]
[EventDate "2020.12.11"]
[EventType "swiss (blitz)"]
[EventRounds "7"]
[EventCountry "AUT"]
[SourceTitle "EXT 2022"]
[Source "ChessBase"]
[SourceDate "2021.10.06"]
[SourceVersion "1"]
[SourceVersionDate "2021.10.06"]
[SourceQuality "1"]

1. e4 e5 2. Nf3 Nf6 3. Nc3 Nc6 4. Bb5 Bb4 5. 0-0 Bxc3 6. dxc3 a6 7. Bxc6 bxc6 8. Bg5 h6 9. Bxf6 gxf6 10. Qd3 a5 11. c4 Ba6 12. b3 Qe7 13. a3 0-0 14. c3 c5 15. Rad1 Rab8 16. Qxd7 Qxd7 17. Rxd7 Rbd8 18. Rxc7 Rb8 19. Rxc5 Rxb3 20. Rxa5 Bb7 21. c5 Rxc3 22. a4 Bc6 23. Ra6 Rxc5 24. Nh4 Rc4 25. Nf5 Rxe4 26. Ne7+ Kh8 27. Nxc6 Rc8 28. Ne7 Rc7 29. Ra8+ Kg7 30. Rg8+ Kh7 31. Rb8 Rxe7 32. a5 Ra7 33. Rb5 Ra4 34. Rd1 R4xa5 35. Rxa5 Rxa5 36. Rd7 Ra1+ 37. Rd1 Rxd1# 0-1